[Event "Berliner Sommer"]
[Site "Berlin"]
[Date "1995.??.??"]
[Round "9"]
[White "Kraai, Jesse"]
[Black "Ivanov, Sergey"]
[Result "0-1"]
[WhiteElo "2280"]
[BlackElo "2545"]

1.d4 d5 2.c4 e6 3.Nf3 Nf6 4.Nc3 c6 5.e3 Nbd7 6.Bd3 dxc4 7.Bxc4 b5 8.Bd3 a6
9.e4 c5 10.d5 c4 11.dxe6 fxe6 12.Bc2 Qc7 13.O-O Bb7 14.Ng5 Nc5 15.e5 Qc6
16.f3 Nfd7 17.Qe2 Be7 18.a4 b4 19.Nd1 Nd3 20.Bxd3 cxd3 21.Qxd3 Nc5 22.Qc2 Qd5
23.Ne3 Qb3 24.Nh3 Rc8 25.Qe2 O-O 26.Nf2 a5 27.Re1 Ba6 28.Qd1 Rfd8 29.Qxb3 Nxb3
30.Rb1 Bc5  0-1

[Event "Berliner Sommer"]
[Site "Berlin"]
[Date "1995.??.??"]
[Round "9"]
[White "Roeder, Mathias"]
[Black "Thallinger, Guenther"]
[Result "1/2-1/2"]
[WhiteElo "2460"]
[BlackElo "2200"]

1.d4 d5 2.c4 c6 3.Nc3 Nf6 4.e3 e6 5.Nf3 Nbd7 6.b3 Bd6 7.Bb2 O-O 8.Be2 Qe7
9.O-O Ne4 10.Qc2 f5 11.g3 Qf6 12.a4 Qh6 13.Ba3 Bxa3 14.Rxa3 a5 15.Rb1 Ndf6
16.Ne5 Nd7 17.f4 g5 18.Nxe4 fxe4 19.Nxd7 Bxd7 20.b4 gxf4 21.exf4 Qg7 22.Qd2 axb4
23.Rxb4 c5 24.dxc5 d4 25.Rxb7 d3 26.Bxd3 exd3 27.Rxd3 Qa1+ 28.Qd1 Qxd1+ 29.Rxd1 Bxa4
30.Rd6 Rf7 31.c6 Rc8 32.Rxe6 Bxc6 33.Rxf7 Kxf7 34.Re5 Ba8 35.c5 Bc6 36.g4 Rd8
37.Rh5 Kg7 38.Kf2 Rd5 39.Ke2 Rd4 40.Rf5 h6 41.Ke3 Re4+ 42.Kd3 Ra4 43.Re5 Rxf4
44.g5 h5 45.Re7+ Kg8 46.Re6 Bb5+ 47.Ke3 Rf5 48.c6 Rxg5 49.c7 Rc5 50.Rg6+ Kf7
51.Rb6 Rc3+ 52.Kd2 Rxc7  1/2-1/2

[Event "Bermuda-B"]
[Site "Bermuda"]
[Date "1995.??.??"]
[Round "4"]
[White "Donaldson, John W"]
[Black "Arnett, David A"]
[Result "1/2-1/2"]
[WhiteElo "2420"]
[BlackElo "2300"]

1.Nf3 d5 2.c4 c6 3.e3 Nf6 4.Nc3 e6 5.d4 Nbd7 6.Bd3 dxc4 7.Bxc4 b5 8.Bd3 a6
9.e4 Be7 10.e5 Nd5 11.Nxd5 cxd5 12.O-O O-O 13.Qc2 h6 14.Be3 Nb6 15.b3 Bb7
16.Qd2 Qd7 17.Rfe1 a5 18.Bxh6 Bb4 19.Qg5 f5 20.exf6 Rxf6 21.Ne5 Qe7 22.Ng4 Raf8
23.Rec1 Bd6 24.Nxf6+ Rxf6 25.Qxg7+ Qxg7 26.Bxg7 Kxg7 27.Bxb5 e5 28.Re1 exd4
29.Rad1 Bc8 30.g3 Be6 31.Rc1 Bf5 32.Red1 Nd7 33.Rxd4 Ne5 34.Be2 Be4 35.f4 Ng6
36.Bd3 Nxf4 37.gxf4 Bxf4 38.Re1 Bc7 39.Rexe4 dxe4 40.Rxe4 Bb6+ 41.Kh1 Rf2
42.Re6 Bc5 43.Rg6+ Kf7 44.Rg5 Bd6 45.Rxa5 Rxh2+ 46.Kg1 Rb2 47.Kf1 Bb4 48.Rb5 Ba3
49.Ra5 Rxa2 50.b4 Ke7 51.b5 Ra1+ 52.Ke2 Bb2  1/2-1/2

[Event "Bern op"]
[Site "Bern"]
[Date "1995.??.??"]
[Round "6"]
[White "Zueger, Beat"]
[Black "Savchenko, Stanislav"]
[Result "1/2-1/2"]
[WhiteElo "2480"]
[BlackElo "2585"]

1.c4 c6 2.d4 d5 3.e3 Nf6 4.Nc3 e6 5.Nf3 Nbd7 6.Qc2 Bd6 7.Be2 O-O 8.O-O Qe7
9.Rd1 Re8 10.a3 h6 11.h3 dxc4 12.Bxc4 a6 13.Ba2 b5 14.e4 e5 15.Be3 Nh5 16.Qe2 exd4
17.Nxd4 Qe5 18.Nf3 Qf6 19.Bd4 Qg6 20.Nh4 Qg5 21.Nf3 Qg6 22.Nh4 Qg5 23.Nf3  1/2-1/2

[Event "Bern op"]
[Site "Bern"]
[Date "1995.??.??"]
[Round "7"]
[White "Goldstern, Flip"]
[Black "Terraz, Christian"]
[Result "1-0"]
[WhiteElo "2395"]
[BlackElo "2100"]

1.d4 Nf6 2.Nf3 e6 3.c4 d5 4.Nc3 c6 5.e3 Nbd7 6.Qc2 Bd6 7.Be2 O-O 8.O-O Qe7
9.Rd1 dxc4 10.Bxc4 e5 11.h3 Nb6 12.dxe5 Bxe5 13.Nxe5 Qxe5 14.Bd3 Qh5 15.e4 Be6
16.Ne2 Rfe8 17.Be3 Rad8 18.b4 Rxd3 19.Qxd3 Bc4 20.Ng3 Qg6 21.Qd6  1-0

[Event "Bern op"]
[Site "Bern"]
[Date "1995.??.??"]
[Round "9"]
[White "Kelecevic, Nedeljko"]
[Black "Ammann, Walter"]
[Result "1/2-1/2"]
[WhiteElo "2450"]
[BlackElo "2305"]

1.d4 d5 2.Nf3 e6 3.c4 c6 4.e3 Nf6 5.Nc3 Nbd7 6.Qc2 Bd6 7.Be2 O-O 8.O-O Re8
9.Rd1 Qe7 10.a3 a6 11.b4 b5 12.c5 Bc7 13.e4 dxe4 14.Nxe4 Nxe4 15.Qxe4 Nf6
16.Qh4 Nd5 17.Bg5 f6 18.Bd3 h6 19.Bd2 Qf7 20.Qe4 g5 21.h4 Bd7 22.Re1 Qg7
23.hxg5 hxg5 24.g3 g4 25.Nh4 f5 26.Qe2 Qxd4  1/2-1/2

[Event "Biel op"]
[Site "Biel"]
[Date "1995.??.??"]
[Round "8"]
[White "Kuzmin, Alexey"]
[Black "Chernin, Alexander"]
[Result "1/2-1/2"]
[WhiteElo "2500"]
[BlackElo "2600"]

1.d4 d5 2.c4 c6 3.Nc3 Nf6 4.e3 e6 5.Nf3 Nbd7 6.Qc2 Bd6 7.Be2 O-O 8.O-O dxc4
9.Bxc4 Qe7 10.h3 e5 11.Bd2 Bc7 12.Bb3 h6 13.Nh4 Re8 14.Nf5 Qd8 15.Rfe1 e4
16.f3 Nb6 17.fxe4 Bxf5 18.exf5 Qd6 19.Kf1 Rad8 20.Qd1 Qh2 21.Qf3 Bg3 22.Ke2 Bxe1
23.Bxe1 Qd6 24.Kf1 Qe7 25.Bf2 Nbd5 26.Kg1 Nxc3 27.bxc3 Ne4 28.Rc1 b5 29.c4 a5
30.c5 a4 31.Bc2 Rd5 32.g4 g6 33.fxg6 fxg6 34.Bxe4 Qxe4 35.Qxe4 Rxe4 36.Kg2 Re8
37.Kf3 b4 38.Rb1 Rb8 39.Bg3 Rb5 40.Ke4 Rd7 41.Bd6 b3 42.axb3 Rxb3 43.Ra1 a3
44.d5 cxd5+ 45.Kxd5 Rxe3 46.c6 Rd3+ 47.Kc4 R7xd6 48.c7 R6d4+ 49.Kc5  1/2-1/2

[Event "Biel Credis op"]
[Site "Biel"]
[Date "1995.??.??"]
[Round "8"]
[White "Sinkovics, Peter"]
[Black "Bex, Pierre Alain"]
[Result "1-0"]
[WhiteElo "2415"]
[BlackElo "2175"]

1.d4 d5 2.c4 e6 3.Nf3 Nf6 4.Nc3 c6 5.e3 Nbd7 6.Bd3 dxc4 7.Bxc4 b5 8.Bd3 a6
9.e4 Bb7 10.e5 Nd5 11.Nxd5 cxd5 12.Ng5 Bb4+ 13.Kf1 h6 14.Qh5 O-O 15.h4 Qe8
16.Bh7+ Kh8 17.Rh3 Be7 18.Nxe6  1-0

[Event "Biel Credis op"]
[Site "Biel"]
[Date "1995.??.??"]
[Round "9"]
[White "Dobosz, Henryk"]
[Black "Bex, Pierre Alain"]
[Result "1/2-1/2"]
[WhiteElo "2420"]
[BlackElo "2175"]

1.d4 d5 2.c4 c6 3.Nc3 Nf6 4.e3 e6 5.Nf3 Nbd7 6.Qc2 Bd6 7.h3 a6 8.b3 Qe7 9.Bb2 O-O
10.Be2 dxc4 11.bxc4 c5 12.O-O cxd4 13.exd4 b6 14.Ng5 Bb7 15.Bd3 h6 16.Nge4 Bc7
17.Qe2 Rfe8 18.Rfe1 Nxe4 19.Bxe4 Bxe4 20.Nxe4 Qh4 21.Qg4 Qxg4 22.hxg4 Rad8
23.a4 g6 24.Rad1 f5 25.gxf5 gxf5 26.Nd2 Kf7 27.Nf3 Bf4 28.g3 Bg5 29.a5 Rc8
30.axb6 Rxc4 31.Ba3 Bd8 32.Bc5 Rc3 33.Ne5+ Nxe5 34.Rxe5 Rb3 35.Ra1 Bxb6 36.Rxa6 Bxc5
37.dxc5  1/2-1/2

[Event "DLM"]
[Site "Binz"]
[Date "1995.??.??"]
[Round "2"]
[White "Hausrath, Daniel"]
[Black "Gerstenhauer, Doreen"]
[Result "1-0"]
[WhiteElo "2370"]
[BlackElo "2130"]

1.d4 d5 2.Nf3 Nf6 3.c4 c6 4.e3 e6 5.Nc3 Bd6 6.Qc2 Nbd7 7.Bd2 O-O 8.O-O-O b6
9.e4 Bb4 10.Bd3 Ba6 11.e5 dxc4 12.exf6 cxd3 13.Qa4 Bxc3 14.fxg7 Bxd2+ 15.Rxd2 Kxg7
16.Qxa6 Qf6 17.Qxd3 c5 18.Rhd1 cxd4 19.Qxd4 Rac8+ 20.Kb1 Qxd4 21.Rxd4 Nf6
22.Ne5 Rc5 23.Nd7 Nxd7 24.Rxd7 a5 25.Rb7 b5 26.a3 Rfc8 27.Rdd7 Rf5 28.g4 Rxf2
29.Rxb5 Rc4 30.h3 a4 31.Rb4 Rcf4 32.Rdd4 e5 33.Re4 R2f3 34.Rxa4 Rxe4 35.Rxe4 Rxh3
36.Rxe5 Rg3 37.Re4 Kg6 38.a4 f5 39.Re6+ Kf7 40.gxf5 Rf3 41.Rh6  1-0

[Event "GER-ch"]
[Site "Binz"]
[Date "1995.??.??"]
[Round "2"]
[White "Schlosser, Philipp"]
[Black "Vatter, Hans Joachim"]
[Result "1-0"]
[WhiteElo "2500"]
[BlackElo "2385"]

1.Nf3 d5 2.c4 c6 3.d4 Nf6 4.Nc3 e6 5.e3 Bd6 6.Bd3 Nbd7 7.O-O O-O 8.e4 dxe4
9.Nxe4 Nxe4 10.Bxe4 h6 11.Bc2 Re8 12.Re1 c5 13.dxc5 Bxc5 14.Bf4 Qb6 15.Qe2 Nf8
16.Rad1 Bd7 17.Ne5 Red8 18.Rd3 Be8 19.Rb3 Qa5 20.Rg3 Ng6 21.Nxg6 fxg6 22.Bxg6 Bxg6
23.Rxg6 Kh7 24.Rxe6 Rf8 25.g3 Qxa2 26.Rxh6+ gxh6 27.Qe4+ Kg7 28.Be5+ Kf7
29.Qh7+  1-0

[Event "GER-ch"]
[Site "Binz"]
[Date "1995.??.??"]
[Round "6"]
[White "Lutz, Christopher"]
[Black "Slobodjan, Roman"]
[Result "1/2-1/2"]
[WhiteElo "2575"]
[BlackElo "2500"]

1.d4 d5 2.Nf3 c6 3.c4 Nf6 4.Nc3 e6 5.e3 Nbd7 6.Qc2 Bd6 7.Be2 O-O 8.O-O Qe7
9.h3 b6 10.e4 dxe4 11.Nxe4 Nxe4 12.Qxe4 Bb7 13.Bf4 Bxf4 14.Qxf4 Rac8 15.Rfd1 c5
16.Rd2 cxd4 17.Qxd4 Nf6 18.Rad1 Rfe8 19.Qe3 Qc5 20.Qxc5 Rxc5 21.b4 Rc7 22.Ne5 Kf8
23.h4 Rec8 24.f3 Ne8 25.Kf2 f6 26.Ng4 Ke7 27.Ne3 Bc6 28.Rd3 f5 29.R1d2  1/2-1/2

[Event "GER-ch"]
[Site "Binz"]
[Date "1995.??.??"]
[Round "8"]
[White "Teske, Henrik"]
[Black "Mueller, Mat"]
[Result "1/2-1/2"]
[WhiteElo "2500"]
[BlackElo "2340"]

1.c4 e6 2.Nf3 Nf6 3.d4 d5 4.e3 c6 5.Nc3 Nbd7 6.Qc2 Bd6 7.b3 O-O 8.Bb2 e5
9.cxd5 cxd5 10.dxe5 Nxe5 11.Nxe5 Bxe5 12.Bd3 d4 13.exd4 Qxd4 14.Rd1 Qh4  1/2-1/2

[Event "Bled op"]
[Site "Bled"]
[Date "1995.??.??"]
[Round "2"]
[White "Polajzer, Danilo"]
[Black "Arbakov, Valentin"]
[Result "1-0"]
[WhiteElo "2430"]
[BlackElo "2500"]

1.Nf3 Nf6 2.c4 e6 3.Nc3 d5 4.d4 c6 5.e3 Nbd7 6.Qc2 a6 7.a3 dxc4 8.Bxc4 b5
9.Ba2 c5 10.dxc5 Bxc5 11.Ne4 Nxe4 12.Qxe4 Rb8 13.Bd2 Bb7 14.Qg4 Nf6 15.Qg5 Be7
16.Bc3 O-O 17.Rd1 Qc7 18.Be5 Qa5+ 19.Bc3 Qa4 20.O-O h6 21.Qg3 b4 22.Rd4 a5
23.Bb1 Rfd8 24.axb4 axb4 25.Rxb4 Bxb4 26.Bxf6 Bf8 27.Bxd8 Rxd8 28.Qc7 Qa8
29.Qc2 g6 30.Ne5 Rc8 31.Qd3 Rc7 32.Nxg6 Bg7 33.Nf4 Rc5 34.Qh7+ Kf8 35.Rd1 Rg5
36.h4 Rg4 37.g3 Bf3 38.Rc1 Qd8 39.Qc2 e5 40.Qc8 Qxc8 41.Rxc8+ Ke7 42.Nh5 e4
43.Nxg7 Rxg7 44.Rc4 Rg4 45.Kf1 f5 46.Ke1 Rg6 47.Kd2 Ra6 48.b3 Ra1 49.Kc1 Ra8
50.Kb2 Bh5 51.Rc5 Kf6 52.Bxe4  1-0

[Event "Bled op"]
[Site "Bled"]
[Date "1995.??.??"]
[Round "3"]
[White "Soffer, Ram"]
[Black "Schoellmann, Jochen"]
[Result "1-0"]
[WhiteElo "2535"]
[BlackElo "2385"]

1.c4 c6 2.d4 d5 3.Nf3 Nf6 4.Nc3 e6 5.e3 Nbd7 6.Bd3 dxc4 7.Bxc4 b5 8.Be2 a6
9.e4 b4 10.e5 bxc3 11.exf6 cxb2 12.fxg7 Bxg7 13.Bxb2 Qa5+ 14.Nd2 c5 15.O-O cxd4
16.Nc4 Qd5 17.Rc1 Ne5 18.Nb6 Qb7 19.Bxd4 O-O 20.Nxa8 Qxa8 21.f4 Ng6 22.Bxg7 Kxg7
23.Qd4+ Kg8 24.Bf3 Bb7 25.Bxb7 Qxb7 26.Rf3 Rc8 27.Rxc8+ Qxc8 28.h3 Qc7 29.Qf6 Qa5
30.Rd3  1-0

[Event "Bled op"]
[Site "Bled"]
[Date "1995.??.??"]
[Round "4"]
[White "Kozul, Zdenko"]
[Black "Polajzer, Danilo"]
[Result "1-0"]
[WhiteElo "2570"]
[BlackElo "2430"]

1.d4 d5 2.c4 c6 3.e3 Nf6 4.Nc3 e6 5.Nf3 Nbd7 6.Bd3 dxc4 7.Bxc4 b5 8.Bd3 a6
9.e4 c5 10.d5 c4 11.dxe6 fxe6 12.Bc2 Qc7 13.O-O Bb7 14.Nd4 Nc5 15.Qe2 e5
16.Nf5 Ne6 17.Rd1 Nd4 18.Nxd4 exd4 19.Rxd4 Bc5 20.Nd5 Bxd5 21.exd5+ Qe7 22.Rd2 Rd8
23.Qxe7+ Bxe7 24.a4 Nxd5 25.axb5 axb5 26.Be4 Nb4 27.Rxd8+ Bxd8 28.Bd2 Nd3
29.Bxd3 cxd3 30.Ra3 O-O 31.Rxd3 Bf6 32.Bc3 Bxc3 33.Rxc3 Rd8 34.Kf1 b4  1-0

[Event "Bodensee-Cup"]
[Site "Bodensee"]
[Date "1995.??.??"]
[Round "?"]
[White "Gerber, Richard"]
[Black "Tischer, Guenter"]
[Result "1/2-1/2"]
[WhiteElo "2360"]
[BlackElo "2345"]

1.d4 d5 2.c4 c6 3.Nf3 Nf6 4.e3 e6 5.Nc3 Nbd7 6.Qc2 Be7 7.Be2 O-O 8.O-O b6
9.e4 Bb7 10.e5 Ne8 11.Be3 Nc7 12.cxd5 Nxd5 13.Qe4 c5 14.Qg4 Nxe3 15.fxe3 cxd4
16.exd4 a6 17.Rf2 b5 18.Raf1 Nb6 19.Bd3 Nd5 20.Qh5 g6 21.Qh6 Nxc3 22.bxc3 Rc8
23.Rc2 b4 24.Qe3 Rxc3 25.Rxc3 bxc3 26.Be4 Bxe4 27.Qxe4 Qa8 28.Qd3 Qc6 29.Ne1 Rc8
30.Nc2 Qc4 31.Qxc4 Rxc4 32.Rb1 Kg7 33.Kf2 Rc6 34.Ke2 Bg5 35.Kd3 Bd2 36.Rb7 h5
37.Nb4 Rc8 38.Nc2 g5 39.Ra7 Rc6 40.Nb4 Rb6 41.a3 Bc1 42.Rxa6 Rxa6 43.Nxa6 Bxa3
44.Kxc3 Kg6 45.Nc7 Kf5 46.Nb5 Be7 47.Nd6+ Kf4 48.Nxf7 Ke3 49.Nh8 Bd8 50.Nf7 Bb6
51.Nxg5 Bxd4+ 52.Kc4 Bxe5 53.Nxe6 Kf2 54.Kd5 Bxh2 55.Ng7 h4 56.Nf5 Kxg2 57.Nxh4+  1/2-1/2

[Event "Bonn GSK-2"]
[Site "Bonn"]
[Date "1995.??.??"]
[Round "9"]
[White "Grimm, Sascha"]
[Black "Gurevich, Mikhail"]
[Result "0-1"]
[WhiteElo "2320"]
[BlackElo "2585"]

1.Nf3 d5 2.c4 c6 3.d4 Nf6 4.Nc3 e6 5.e3 Nbd7 6.Qc2 Bd6 7.Be2 O-O 8.O-O Re8
9.Bd2 Qe7 10.Rad1 h6 11.e4 Nxe4 12.Nxe4 dxe4 13.Qxe4 e5 14.Bc3 Nf6 15.Qh4 e4
16.Ne5 c5 17.f4 exf3 18.Bxf3 cxd4 19.Nxf7 Qxf7 20.Bxd4 Be7 21.Rde1 Be6 22.b3 Rad8
23.Bxb7 Bb4 24.Rxf6 Bxe1  0-1

[Event "SWE-ch"]
[Site "Borlange"]
[Date "1995.??.??"]
[Round "1"]
[White "Wessman, Richard"]
[Black "Eklund, Lars Goran"]
[Result "0-1"]
[WhiteElo "2440"]
[BlackElo "2330"]

1.d4 d5 2.c4 c6 3.Nc3 Nf6 4.e3 e6 5.Nf3 Nbd7 6.Bd3 Bd6 7.O-O O-O 8.e4 dxc4
9.Bxc4 e5 10.Bg5 b5 11.Bb3 b4 12.Na4 h6 13.Bh4 Qc7 14.dxe5 Nxe5 15.Bxf6 gxf6
16.Nxe5 Bxe5 17.Qh5 Kh7 18.Rac1 Rg8 19.Rxc6 Qxc6 20.Bd5 Qxa4 21.Bxa8 Be6
22.Bd5 Bxd5 23.exd5 Qd7 24.Rd1 Qg4 25.Qxg4 Rxg4 26.d6 Rd4 27.Rxd4 Bxd4 28.Kf1 Kg7
29.Ke2  0-1

[Event "SWE-ch"]
[Site "Borlange"]
[Date "1995.??.??"]
[Round "9"]
[White "Hedman, Erik"]
[Black "Wessman, Richard"]
[Result "0-1"]
[WhiteElo "2320"]
[BlackElo "2440"]

1.d4 d5 2.c4 c6 3.Nc3 Nf6 4.e3 e6 5.Nf3 Nbd7 6.Bd3 dxc4 7.Bxc4 b5 8.Bd3 a6
9.O-O c5 10.Qe2 Bb7 11.Rd1 cxd4 12.Nxd4 Qb6 13.Bd2 Bc5 14.a4 b4 15.a5 Qd6
16.Na4 Bxd4 17.exd4 Qxd4 18.Be3 Qe5 19.Nb6 Nxb6 20.axb6 O-O 21.Bxa6 Bxa6
22.Rxa6 Rxa6 23.Qxa6 Ng4 24.g3 Qh5 25.Qd3 Qxh2+ 26.Kf1 Qh1+ 27.Ke2 Qh5 28.Qd6 Ne5+
29.Ke1 Qh1+ 30.Ke2 Qf3+ 31.Ke1 Nc4 32.Qf4 Qh1+ 33.Ke2 Qh5+ 34.g4 Qb5 35.Kf3 Nxb6
36.Kg3 Nd5 37.Qe5 Qb8  0-1

[Event "Slovan op"]
[Site "Bratislava"]
[Date "1995.??.??"]
[Round "?"]
[White "Zhidkov, Valery S"]
[Black "Pcola, Pavel"]
[Result "1/2-1/2"]
[WhiteElo "2315"]
[BlackElo "2305"]

1.d4 d5 2.c4 c6 3.Nc3 Nf6 4.Nf3 e6 5.e3 Nbd7 6.Qc2 Bd6 7.Bd2 O-O 8.O-O-O b5
9.e4 b4 10.e5 bxc3 11.Bxc3 Be7 12.exf6 Nxf6 13.Ne5 Qc7 14.c5  1/2-1/2

[Event "RUS-chT"]
[Site "Briansk"]
[Date "1995.??.??"]
[Round "2"]
[White "Gagarin, Vasilij"]
[Black "Stripunsky, Alexander"]
[Result "1-0"]
[WhiteElo "2440"]
[BlackElo "2495"]

1.d4 d5 2.c4 c6 3.Nf3 Nf6 4.Nc3 e6 5.e3 Nbd7 6.Bd3 dxc4 7.Bxc4 b5 8.Bd3 Bb7
9.e4 b4 10.Na4 c5 11.e5 Nd5 12.Nxc5 Nxc5 13.dxc5 Bxc5 14.O-O h6 15.Nd2 O-O
16.Ne4 Bd4 17.Nd6 Bc6 18.Qe2 Qh4 19.Re1 Nf4 20.Bxf4 Qxf4 21.Rac1 Bd5 22.Bc4 Rad8
23.Bxd5 exd5 24.Nb5 Bb6 25.g3 Qg5 26.Rcd1 Rfe8 27.Kg2 Qf5 28.f4 d4 29.Qf3 Qc2+
30.Kh3 d3 31.Nd6 d2 32.Rf1 Re6 33.Qb3 Qc5 34.Nxf7 Kxf7 35.f5 Rd5 36.fxe6+ Kg6
37.e7 Rxe5 38.Qd3+ Kh5 39.e8=Q+  1-0

[Event "RUS-sf"]
[Site "Briansk"]
[Date "1995.??.??"]
[Round "4"]
[White "Dukhov, Alexander"]
[Black "Yagupov, Igor"]
[Result "0-1"]
[WhiteElo "2340"]
[BlackElo "2415"]

1.d4 d5 2.c4 c6 3.Nf3 Nf6 4.Nc3 e6 5.e3 Nbd7 6.Bd3 dxc4 7.Bxc4 b5 8.Bd3 a6
9.e4 c5 10.d5 c4 11.dxe6 fxe6 12.Bc2 Qc7 13.O-O Bb7 14.Ng5 Nc5 15.e5 Qxe5
16.Re1 Qd6 17.Qxd6 Bxd6 18.Be3 O-O 19.Rad1 Be7 20.Bxc5 Bxc5 21.Nxe6 Rfc8
22.h3 Rab8 23.Nxc5 Rxc5 24.Rd6 Rc6 25.Rd4 Kf8 26.g4 h6 27.f4 Re8 28.Rxe8+ Nxe8
29.Kf2 Rc5 30.Bg6 Nf6 31.Rd8+ Ke7 32.Rb8 Bc8 33.Ke3 Rc6 34.Be4 Nxe4 35.Kxe4 Kd6
36.Nd5 c3 37.Nxc3 Kc7 38.Rxc8+ Kxc8 39.a3 Kd7 40.h4 Re6+ 41.Kd4 Re1 42.g5 Ke6
43.Ne4 Kf5 44.Nc5 a5 45.b4 Rd1+ 46.Kc3 a4 47.gxh6 gxh6 48.Nd3 Ra1  0-1

[Event "RUS-sf"]
[Site "Briansk"]
[Date "1995.??.??"]
[Round "8"]
[White "Bigaliev, Renat"]
[Black "Kandyba, L."]
[Result "1/2-1/2"]
[WhiteElo "2360"]
[BlackElo "2370"]

1.d4 d5 2.c4 c6 3.e3 Nf6 4.Nc3 e6 5.Nf3 Nbd7 6.Be2 dxc4 7.a4 Bd6 8.Nd2 O-O
9.Nxc4 Bb8 10.O-O e5 11.e4 exd4 12.Qxd4 Ne5 13.Qxd8 Rxd8 14.Bg5 Nxc4 15.Bxc4 Be5
16.Rfd1  1/2-1/2

[Event "Brno Olexa mem21"]
[Site "Brno"]
[Date "1995.??.??"]
[Round "?"]
[White "Vechet, Stanislav"]
[Black "Mlynek, Petr"]
[Result "1/2-1/2"]
[WhiteElo "2255"]
[BlackElo "2080"]

1.d4 d5 2.c4 c6 3.Nf3 Nf6 4.Nc3 e6 5.e3 Nbd7 6.Bd3 dxc4 7.Bxc4 b5 8.Bd3 Bb7
9.O-O a6 10.e4 c5 11.d5 c4 12.Bb1 Qc7 13.dxe6 fxe6 14.Ng5 Nc5 15.e5 Qxe5
16.Re1 Qd6 17.Qxd6 Bxd6 18.Nxe6 Nxe6 19.Rxe6+ Kd7 20.Bf5 Kc7 21.Re1 g6 22.Bc2 b4
23.Ne2 Rae8 24.Bf4 Re6 25.Nd4  1/2-1/2

[Event "Brugge op"]
[Site "Brugge"]
[Date "1995.??.??"]
[Round "?"]
[White "Gurevich, Mikhail"]
[Black "Vanderstricht, Geert"]
[Result "1-0"]
[WhiteElo "2585"]
[BlackElo "2275"]

1.d4 d5 2.c4 c6 3.Nc3 Nf6 4.e3 e6 5.Nf3 Nbd7 6.Qc2 Bd6 7.Be2 O-O 8.O-O e5
9.cxd5 cxd5 10.Nb5 Bb8 11.dxe5 Nxe5 12.Bd2 Bg4 13.Bb4 Re8 14.Nxe5 Bxe5 15.Bxg4 Nxg4
16.h3 Nf6 17.Bc3 Rc8 18.Qd3 Bxc3 19.Nxc3 Qb6 20.Rab1 Red8 21.Rfd1 h6 22.Ne2 Rd7
23.Nd4 Ne4 24.Qe2 Rdc7 25.Qd3 Qf6 26.Rf1 Qb6 27.Rfd1 Qf6 28.Qe2 a6 29.Rf1 Kf8
30.Rbd1 Kg8 31.Qd3 Qb6 32.Qb1 Qf6 33.a3 Rc4 34.Qd3 Qb6 35.Nf5 Kf8 36.Qxd5  1-0

[Event "Budapest FS07 GM"]
[Site "Budapest"]
[Date "1995.??.??"]
[Round "?"]
[White "Engqvist, Thomas"]
[Black "Lukacs, Peter"]
[Result "1/2-1/2"]
[WhiteElo "2405"]
[BlackElo "2480"]

1.d4 Nf6 2.Nf3 d5 3.c4 e6 4.Nc3 c6 5.e3 Nbd7 6.Qc2 Bd6 7.Be2 O-O 8.O-O Qe7
9.Rd1 dxc4 10.Bxc4 e5 11.Bb3 Bb8 12.h3 h6 13.Nh4 Rd8 14.dxe5 Nxe5 15.f4 Rxd1+
16.Nxd1 Ned7 17.Nf5 Qf8 18.e4 Nc5 19.e5 Bxf5 20.Qxf5 Nxb3 21.axb3 Nd5 22.Ne3 Nb6
23.Ng4 Nd5 24.Ne3 Nxe3 25.Bxe3 Bc7 26.Rxa7 Rxa7 27.Bxa7 Qd8 28.Qc2 Bb6+ 29.Bxb6 Qxb6+
30.Kh2 Qd4 31.Qf5 g6 32.Qg4 Kg7 33.Qg3 Kh7 34.Qg4  1/2-1/2

[Event "Budapest FS07 GM"]
[Site "Budapest"]
[Date "1995.??.??"]
[Round "?"]
[White "Gonzalez Garcia, Jose"]
[Black "Lukacs, Peter"]
[Result "1/2-1/2"]
[WhiteElo "2375"]
[BlackElo "2480"]

1.d4 Nf6 2.c4 e6 3.Nf3 d5 4.Nc3 c6 5.e3 a6 6.Qc2 Nbd7 7.e4 Nxe4 8.Nxe4 dxe4
9.Qxe4 Bb4+ 10.Bd2 Bxd2+ 11.Nxd2 O-O 12.O-O-O c5 13.Nf3 Qc7 14.Bd3 g6 15.Rhe1 cxd4
16.Qxd4 b5 17.Kb1 Nc5 18.Bc2 Bb7 19.Ne5 Rad8 20.Qe3 f5 21.cxb5 axb5 22.f3 Bd5
23.Qc3 Qa7 24.a3 b4 25.Qxb4 Rb8 26.Qc3 Rfc8 27.Rxd5 exd5 28.Qd4 Qb7 29.b4 Ne6
30.Qb2 Rd8  1/2-1/2

[Event "Budapest FS07 GM"]
[Site "Budapest"]
[Date "1995.??.??"]
[Round "?"]
[White "Lengyel, Levente"]
[Black "Muir, Andrew J"]
[Result "1/2-1/2"]
[WhiteElo "2365"]
[BlackElo "2315"]

1.d4 d5 2.c4 e6 3.Nc3 c6 4.e3 Nf6 5.Nf3 Nbd7 6.Be2 Bd6 7.O-O O-O 8.b3 Qe7
9.Qc2 dxc4 10.bxc4 e5 11.a4 Re8 12.Qb3 a6 13.Ba3 c5 14.Rfd1 exd4  1/2-1/2

[Event "Budapest FS07 GM"]
[Site "Budapest"]
[Date "1995.??.??"]
[Round "?"]
[White "Lengyel, Levente"]
[Black "Godena, Michele"]
[Result "0-1"]
[WhiteElo "2365"]
[BlackElo "2420"]

1.d4 d5 2.c4 e6 3.Nc3 c6 4.e3 Nf6 5.Nf3 a6 6.b3 Bb4 7.Bd2 Nbd7 8.Bd3 O-O
9.O-O Bd6 10.e4 dxc4 11.bxc4 e5 12.c5 Bc7 13.Na4 exd4 14.h3 Re8 15.Re1 Nf8
16.e5 Nd5 17.Bg5 Qd7 18.Rb1 h6 19.Bh4 Nf4 20.Bf1 N8g6 21.Bg3 Rd8 22.Rb4 Ne6
23.Rb3 Qe7 24.Qc2 Rb8 25.Reb1 Ng5 26.Bc4 Nxf3+ 27.Rxf3 Be6 28.Bxe6 Qxe6 29.Rfb3 Bxe5
30.Bxe5 Qxe5 31.Nb2 Nf4 32.Nd3 Nxd3 33.Rxd3 Rd5 34.Qd2 Rxc5 35.Rxd4 Rd5 36.Rxd5 Qxd5
37.Qxd5 cxd5 38.Rb6 Kf8 39.Rd6 Rc8 40.Rxd5 Rc1+ 41.Kh2 Rc2 42.Rd8+ Ke7 43.Rb8 b5
44.Rb7+ Ke8 45.a4 bxa4  0-1

[Event "Budapest FS08 GM"]
[Site "Budapest"]
[Date "1995.??.??"]
[Round "1"]
[White "Lehmann, Zoltan"]
[Black "Borocz, Istvan"]
[Result "1-0"]
[WhiteElo "2335"]
[BlackElo "2410"]

1.d4 Nf6 2.c4 e6 3.Nf3 d5 4.Nc3 c6 5.e3 Nbd7 6.Qc2 Bd6 7.b3 O-O 8.Be2 a6
9.O-O e5 10.c5 Bc7 11.dxe5 Nxe5 12.Bb2 Qe7 13.b4 Nfg4 14.g3 Re8 15.e4 Nxf3+
16.Bxf3 d4 17.Ne2 Qf6 18.Bg2 d3 19.Bxf6 dxc2 20.Bc3 a5 21.a3 axb4 22.Bxb4 Be6
23.Rac1 Bc4 24.Rxc2 Bd3 25.Rd2 Red8 26.Re1 Ne5 27.Nf4 Bb5 28.Red1 Rxd2 29.Rxd2 Kf8
30.Rd1 g5 31.Nh3 g4 32.Nf4 Ke7 33.h3 h5 34.h4 Rh8 35.Bc3 Rh7 36.Rb1 Kd7 37.Nd5 cxd5
38.Rxb5 Kc6 39.a4 d4 40.Bxd4 f6 41.Be3 Re7 42.Kf1 Rd7 43.Ke2 Rd8 44.Rb4 Rd3
45.f4 gxf3+ 46.Bxf3 Ra3 47.Bxh5 Ra2+ 48.Kf1 Ba5 49.Rd4 Bc3 50.Rd6+ Kc7 51.Bf4 Rxa4
52.Rxf6 Rxe4 53.Bg6 Re1+ 54.Kg2 Kd7 55.Rd6+ Ke7 56.Bg5+ Kf8 57.Bf6 Ba5 58.Bh5 Nc4
59.Rd7 Ne3+ 60.Kh2 Nf1+ 61.Kh3 Re3 62.Rf7+ Kg8 63.Rg7+ Kf8 64.Kg2 Re1 65.Rh7 Ne3+
66.Kh2  1-0

[Event "Budapest Furdo"]
[Site "Budapest"]
[Date "1995.??.??"]
[Round "1"]
[White "Kecskes, Gabor"]
[Black "Payen, Arnaud"]
[Result "0-1"]
[WhiteElo "2100"]
[BlackElo "2380"]

1.d4 d5 2.c4 c6 3.Nf3 Nf6 4.Nc3 e6 5.e3 Nbd7 6.Qc2 Bd6 7.Be2 O-O 8.O-O dxc4
9.Bxc4 Qe7 10.a3 h6 11.h3 Nh7 12.e4 e5 13.Be3 g5 14.Ne2 exd4 15.Nfxd4 Ndf6
16.Nc3 Kh8 17.Rfe1 Nh5 18.Nf5 Bxf5 19.Bd4+ Be5 20.exf5 f6 21.Rad1 Ng7 22.g4 Rad8
23.Bxe5 Rxd1 24.Qxd1 fxe5 25.Qe2 Re8 26.Ne4 Nf6 27.Rd1 b5 28.Ba2 a6 29.Rd6 Rf8
30.Rxc6 Nge8 31.Re6 Qc7 32.Nxf6 Nxf6 33.Rxa6 e4 34.Qe3 Qe5 35.Qc3 Qe7 36.Re6 Qg7
37.Rb6 h5 38.gxh5 g4 39.Kh1 gxh3 40.Qxh3 Ng4 41.Qg3 Rxf5 42.Kg1 Rf3 43.Qb8+ Rf8
44.Qd6 Nxf2+ 45.Qg6 Nh3+ 46.Kh1 Rf1+ 47.Kg2 Qxb2+  0-1

[Event "Budapest FS08 IM-A"]
[Site "Budapest"]
[Date "1995.??.??"]
[Round "1"]
[White "Hedman, Erik"]
[Black "Rotman, Daniel"]
[Result "1/2-1/2"]
[WhiteElo "2320"]
[BlackElo "2235"]

1.d4 d5 2.c4 c6 3.Nc3 Nf6 4.e3 e6 5.Nf3 Nbd7 6.Bd3 dxc4 7.Bxc4 b5 8.Bd3 Bb7
9.O-O b4 10.Na4 c5 11.dxc5 Bxc5 12.Nxc5 Nxc5 13.Bb5+ Ke7 14.Qe2 Qb6 15.Rd1 Rhc8
16.Nd4 Nce4 17.a3 a5 18.axb4 axb4 19.Bd2 Nd5 20.Rac1 Kf8 21.Be1 Kg8 22.Bd3 Nd6
23.Nb5 Nxb5 24.Bxb5 h6 25.h3 Rxc1 26.Rxc1 Ra5 27.Bd3 Rc5 28.Rxc5 Qxc5 29.Qd2 b3
30.Qa5 Qxa5 31.Bxa5 Nf6 32.f3 Nd7 33.e4 Nc5 34.Bb5 f5 35.Bb6 Ba6 36.Bxa6 Nxa6
37.exf5 exf5 38.Kf2 Nb4 39.Ke2 Nd5 40.Be3 Kf7 41.Kd3 Ke6 42.Bd2 Ke5 43.Kc4 g5
44.Kxb3 Kd4 45.Kc2 f4 46.Bc3+ Ke3 47.Bg7 h5 48.Bh6 Kf2 49.Bxg5 Kxg2 50.Kd3 Kxf3
51.Kd4 Ne3 52.Ke5 Nc4+ 53.Kf5 Nxb2 54.Bxf4 Nd3 55.Bd6 Kg2 56.h4 Ne1 57.Kg5 Nf3+
58.Kxh5 Nxh4  1/2-1/2

[Event "Budapest FS08 IM-B"]
[Site "Budapest"]
[Date "1995.??.??"]
[Round "2"]
[White "Kecskes, Gabor"]
[Black "Payen, Arnaud"]
[Result "0-1"]
[WhiteElo "2280"]
[BlackElo "2345"]

1.d4 d5 2.c4 c6 3.Nf3 e6 4.e3 Nf6 5.Nc3 Nbd7 6.Qc2 b6 7.Bd3 Bb7 8.O-O Bd6
9.a3 O-O 10.b4 dxc4 11.Bxc4 b5 12.Bd3 a5 13.Rb1 Qc7 14.Ng5 axb4 15.Nce4 h6
16.Nxd6 Qxd6 17.Nh7 Nxh7 18.Bxh7+ Kh8 19.axb4 g6 20.Bxg6 fxg6 21.Qxg6 Rf6
22.Qc2 Rg8 23.e4 Rfg6 24.g3 Nb6 25.Bb2 Nc4 26.Bc3 Na3  0-1

[Event "Budapest FS06 IM"]
[Site "Budapest"]
[Date "1995.??.??"]
[Round "2"]
[White "Eperjesi, Laszlo"]
[Black "Gerencer, Jozef"]
[Result "1-0"]
[WhiteElo "2350"]
[BlackElo "2210"]

1.d4 Nf6 2.c4 e6 3.Nf3 d5 4.Nc3 c6 5.e3 Nbd7 6.Qc2 Bd6 7.Be2 O-O 8.O-O dxc4
9.Bxc4 e5 10.h3 Qe7 11.Bb3 b6 12.Rd1 Bb7 13.e4 Rad8 14.Bg5 Bb4 15.dxe5 Nxe5
16.Nxe5 Qxe5 17.f4 Qc5+ 18.Kh2 Rxd1 19.Rxd1 Bxc3 20.bxc3 Nh5 21.Qe2 g6 22.Qf3 Bc8
23.g4 Ng7 24.f5 a5 25.Bf4 Ne8 26.Bh6 Nf6 27.Bxf8 Kxf8 28.Qf4 Ne8 29.fxg6  1-0